Paul's missionary methods : (Registro nro. 9522)

Detalles MARC
000 -LEADER
campo de control de longitud fija 02881cam a22005294i 4500
003 - IDENTIFICADOR DE NÚMERO DE CONTROL
campo de control PE-LiUPU
005 - FECHA Y HORA DE LA ÚLTIMA TRANSACCIÓN
campo de control 20250731172840.0
008 - DATOS DE LONGITUD FIJA--INFORMACIÓN GENERAL
campo de control de longitud fija 121114s2012 ilu r 001 0deng d
020 ## - NÚMERO INTERNACIONAL ESTÁNDAR DEL LIBRO
Número Internacional Estándar del Libro 0830857079
Información calificativa (pbk. ;
-- alk. paper)
020 ## - NÚMERO INTERNACIONAL ESTÁNDAR DEL LIBRO
Número Internacional Estándar del Libro 9780830857074
Información calificativa (pbk. ;
-- alk. paper)
035 ## - NÚMERO DE CONTROL DEL SISTEMA
Número de control de sistema (Sirsi) i9780830857074
040 ## - FUENTE DE CATALOGACIÓN
Centro catalogador/agencia de origen DLC
Lengua de catalogación spa
Normas de descripción rda
Centro/agencia transcriptor DLC
Centro/agencia modificador YDX
-- BTCTA
-- YDXCP
-- BDX
-- OCLCO
-- GGB
-- BWX
-- LNT
-- SGB
-- ZID
-- JEV
-- OCLCQ
-- CDX
-- OCLCA
-- OCLCF
-- NLGGC
-- OCLCQ
-- PE-LiUPU
049 ## - FONDOS LOCALES (OCLC)
Biblioteca depositaria PRUA
050 00 - SIGNATURA TOPOGRÁFICA DE LA BIBLIOTECA DEL CONGRESO
Número de clasificación BS2506.3
Número de ítem .P3853 2012
082 00 - NÚMERO DE LA CLASIFICACIÓN DECIMAL DEWEY
Número de clasificación 266.001
Cutter P2
Número de edición 23
245 00 - MENCIÓN DEL TÍTULO
Título Paul's missionary methods :
Resto del título in his time and ours /
Mención de responsabilidad, etc. edited by Robert L. Plummer & John Mark Terry.
264 #1 - PRODUCCIÓN, PUBLICACIÓN, DISTRIBUCIÓN, FABRICACIÓN Y COPYRIGHT
Producción, publicación, distribución, fabricación y copyright Downers Grove, Illinois :
Nombre del de productor, editor, distribuidor, fabricante IVP Academic, an imprint of InterVarsity Press,
Fecha de producción, publicación, distribución, fabricación o copyright [2012]
300 ## - DESCRIPCIÓN FÍSICA
Extensión 253 páginas ;
Dimensiones 23 centímetros
336 ## - TIPO DE CONTENIDO
Término de tipo de contenido text
Fuente rdacontent
337 ## - TIPO DE MEDIO
Nombre/término del tipo de medio unmediated
Fuente rdamedia
338 ## - TIPO DE SOPORTE
Nombre/término del tipo de soporte volume
Fuente rdacarrier
504 ## - NOTA DE BIBLIOGRAFÍA, ETC.
Nota de bibliografía, etc. Índice : páginas 247-253.
505 00 - NOTA DE CONTENIDO CON FORMATO
Información miscelánea Part 1. Paul in the New Testament.
Título Paul's religious and historical milieu /
Mención de responsabilidad Michael F. Bird --
Título Paul the missionary /
Mención de responsabilidad Eckhard J. Schnabel --
Título Paul's gospel /
Mención de responsabilidad Robert L. Plummer --
Título Paul's ecclesiology /
Mención de responsabilidad Benjamin L. Merkle --
Título Paul's mission as the mission of the church /
Mención de responsabilidad Christoph W. Stenschke --
Título Paul's theology of suffering /
Mención de responsabilidad Don N. Howell Jr. --
Título Paul and spiritual warfare /
Mención de responsabilidad Craig Keener --
Información miscelánea Part 2. Paul's influence on missions.
Título Paul's missions strategy /
Mención de responsabilidad David J. Hesselgrave --
Título Paul's strategy : determinative for today? /
Mención de responsabilidad Michael Pocock --
Título Paul and indigenous missions /
Mención de responsabilidad John Mark Terry --
Título Paul and church planting /
Mención de responsabilidad Ed Stetzer with Lizette Beard --
Título Paul and contextualization /
Mención de responsabilidad M. David Sills --
Título Paul and leadership development /
Mención de responsabilidad Chuck Lawless --
Título Roland Allen's Missionary methods at one hundred /
Mención de responsabilidad J.D. Payne.
526 ## - NOTA DE INFORMACIÓN SOBRE EL PROGRAMA DE ESTUDIO
Nombre del programa Segunda Especialidad En Profecías Bíblicas
526 ## - NOTA DE INFORMACIÓN SOBRE EL PROGRAMA DE ESTUDIO
Nombre del programa Segunda Especialidad En Nuevo Testamento
526 ## - NOTA DE INFORMACIÓN SOBRE EL PROGRAMA DE ESTUDIO
Nombre del programa Segunda Especialidad En Antiguo Testamento
526 ## - NOTA DE INFORMACIÓN SOBRE EL PROGRAMA DE ESTUDIO
Nombre del programa Segunda Especialidad En Estudios Adventistas
526 ## - NOTA DE INFORMACIÓN SOBRE EL PROGRAMA DE ESTUDIO
Nombre del programa Doctorado en teología
526 ## - NOTA DE INFORMACIÓN SOBRE EL PROGRAMA DE ESTUDIO
Nombre del programa Maestría en teología histórica
526 ## - NOTA DE INFORMACIÓN SOBRE EL PROGRAMA DE ESTUDIO
Nombre del programa Maestría en teología bíblica
526 ## - NOTA DE INFORMACIÓN SOBRE EL PROGRAMA DE ESTUDIO
Nombre del programa Maestría en teología
526 ## - NOTA DE INFORMACIÓN SOBRE EL PROGRAMA DE ESTUDIO
Nombre del programa Maestría en misionología
526 ## - NOTA DE INFORMACIÓN SOBRE EL PROGRAMA DE ESTUDIO
Nombre del programa Maestría en liderazgo eclesiástico
526 ## - NOTA DE INFORMACIÓN SOBRE EL PROGRAMA DE ESTUDIO
Nombre del programa Teología
596 ## -
-- 1
600 00 - PUNTO DE ACCESO ADICIONAL DE MATERIA--NOMBRE DE PERSONA
Nombre de persona Pablo,
Títulos y otros términos asociados al nombre Apostol, Santo.
630 00 - PUNTO DE ACCESO ADICIONAL DE MATERIA--TÍTULO UNIFORME
Título uniforme Biblio.
Nombre de parte o sección de la obra Epistolas de Pablo
Subdivisión general Teología.
650 #0 - PUNTO DE ACCESO ADICIONAL DE MATERIA--TÉRMINO DE MATERIA
Término de materia o nombre geográfico como elemento de entrada Misión
Subdivisión general Enseñanza bíblica.
700 1# - ENTRADA AGREGADA--NOMBRE PERSONAL
Nombre de persona Plummer, Robert L.
Forma completa/desarrollada del nombre (Robert Lewis),
Fechas asociadas al nombre 1971-,
Término indicativo de función/relación editor.
700 1# - ENTRADA AGREGADA--NOMBRE PERSONAL
Nombre de persona Terry, John Mark,
Fechas asociadas al nombre 1949- ,
Término indicativo de función/relación editor.
910 ## - DATOS DE OPCIÓN DEL USUARIO (OCLC)
Datos de opción del usuario jck
-- jck
-- jck
-- 20160525
942 ## - ELEMENTOS DE ENTRADA SECUNDARIOS (KOHA)
Fuente del sistema de clasificación o colocación Clasificación Decimal Dewey
Tipo de ítem Koha
949 ## - PROCESAMIENTO DE INFORMACIÓN LOCAL (OCLC)
a 266.001 P2
w DEWEY
c 1
i 73114
d 2016-12-22
e 2016-12-22
k CHECKEDOUT
l CCODEBUL1
m BUL
n 1
p 12.00
r M
s Y
t BOOK
u 2016-5-25
x TEOLOGIA
-- P85
0 COMPRA
o .STAFF. Posgrado
994 ## -
-- C0
-- PEPRU
999 ## - NÚMEROS DE CONTROL DE SISTEMA (KOHA)
-- DEWEY
-- 73114
-- 2019-11-12
-- 2021-11-10
-- 4
-- CCODEBUL1
-- BUL
-- 12
-- 12.00
-- 3
-- 0
-- Y
-- BOOK
-- 2016-5-25
-- TEOLOGIA
-- P85
-- COMPRA
-- .STAFF. Colección Teología
980 ## - EQUIVALENCIA O REFERENCIA-CRUZADA-MENCIÓN DE SERIE--NOMBRE DE PERSONA/TÍTULO [LOCAL, CANADÁ]
ID del último usuario que modificó el registro 1
Nombre del último usuario que modificó el registro ALBERTO SANCHEZ Responsable de Automatización
Existencias
Visto por última vez Número de inventario Total de préstamos Signatura topográfica completa Código de barras Fecha del último préstamo Copia número Coste, precio de reemplazo Fecha de reemplazo Facultad Tipo de ítem Koha Nota pública Estado de pérdida Fuente del sistema de clasificación o colocación Restricciones de uso No para préstamo Colección Programa académico Biblioteca de origen Biblioteca actual Ubicación en estantería Fecha de adquisición Fuente de adquisición Coste, precio normal de compra
2025-12-02 5 13 266.001 P2 73114 2024-09-25 e1 17.00 2016-05-25   Libros físicos inventario-2023-12-13 No Perdido Clasificación Decimal Dewey No restringido Disponible para préstamos Colección General Maestría en teología Biblioteca CRAI UPeU Lima Biblioteca CRAI UPeU Lima Sala principal 2016-05-25 COMPRA 12.00